Gaming Quiz

Random Gaming Quiz

Playable Ace Attorney Characters Quiz Stats

Quiz not verified by Sporcle

Challenge
Share
Tweet
Embed
Score 0/12 Timer 04:00
0 Plays Today
First playable appearance Character % Correct
Phoenix Wright: Ace AttorneyPhoenix Wright
99.6%
Apollo Justice: Ace AttorneyApollo Justice
96.4%
Phoenix Wright: Ace Attorney: Trials and TribulationsMiles Edgeworth
96.2%
Phoenix Wright: Ace Attorney: Trials and TribulationsMia Fey
94.2%
Phoenix Wright: Ace Attorney: Justice for AllMaya Fey
91.4%
Phoenix Wright: Ace Attorney: Dual DestiniesAthena Cykes
85.1%
Professor Layton vs. Phoenix Wright: Ace AttorneyHershel Layton
82.5%
Professor Layton vs. Phoenix Wright: Ace AttorneyLuke Triton
65.3%
Miles Edgeworth: Ace Attorney Investigations 2Gregory Edgeworth
58%
Miles Edgeworth: Ace Attorney Investigations 2Dick Gumshoe
44%
Apollo Justice: Ace AttorneyThalassa Gramarye
41.4%
Professor Layton vs. Phoenix Wright: Ace AttorneyEspella Cantabella
30.5%

You're not logged in!

Compare scores with friends on all Sporcle quizzes.
Sign Up with Email
OR
Log In

You Might Also Like...

Show Comments

Extras

Top Quizzes Today


Score Distribution

Your Account Isn't Verified!

In order to create a playlist on Sporcle, you need to verify the email address you used during registration. Go to your Sporcle Settings to finish the process.

Report this User

Report this user for behavior that violates our Community Guidelines.

Details: